[Event "10. Lovsprings EMT Basis 2 1998"]
[Site "Ringsted"]
[Date "1998.05.15"]
[Round "6"]
[White "Skovgaard, Mikael"]
[Black "Nikolajsen, Martin"]
[Result "0-1"]
[WhiteElo "1400"]
[BlackElo "1315"]
[PlyCount "124"]
[EventDate "1998.??.??"]

1. e4 e5 2. Nf3 Nc6 3. Bb5 Bc5 4. O-O d6 5. c3 Bd7 6. b4 Bb6 7. Qb3 a6 8. Bc4
Qf6 9. Bd5 Nge7 10. d4 h6 11. dxe5 dxe5 12. Nbd2 Bg4 13. h3 Bh5 14. Bb2 g5 15.
c4 g4 16. hxg4 Bxg4 17. c5 Ba7 18. Nxe5 Nxe5 19. f4 Rf8 20. Bxe5 Qh4 21. Bg7
Nxd5 22. Bxf8 Nxb4 23. Qxb4 Kxf8 24. Qc3 Rb8 25. Nf3 Qg3 26. Qh8+ Ke7 27. Qe5+
Kf8 28. f5 Qxe5 29. Nxe5 Re8 30. Nxg4 Rxe4 31. Nf2 Re5 32. Rad1 Rxf5 33. Nh3
Rxc5 34. Kh1 Rc6 35. Rc1 Rxc1 36. Rxc1 c5 37. Nf4 Ke7 38. Nd3 b6 39. Kh2 Bb8+
40. Kh3 Kd6 41. Kg4 Kd5 42. Kf5 Kd4 43. Nf2 c4 44. Kf6 b5 45. Kxf7 h5 46. Rh1
Bg3 47. Rd1+ Ke3 48. Nh1 h4 49. Nxg3 hxg3 50. Rd6 c3 51. Rxa6 c2 52. Rc6 Kd2
53. Ke6 c1=Q 54. Rxc1 Kxc1 55. Kd5 Kb2 56. Kc5 Kxa2 57. Kxb5 Kb2 58. Kc4 Kc2
59. Kd4 Kd2 60. Ke4 Ke2 61. Kf4 Kf2 62. Kg4 Kxg2 0-1

[Event "10. Lovsprings EMT Basis 2 1998"]
[Site "Ringsted"]
[Date "1998.05.29"]
[Round "7"]
[White "Christoffersen, Ib"]
[Black "Mouritsen, Jan"]
[Result "0-1"]
[WhiteElo "1341"]
[BlackElo "1461"]
[PlyCount "122"]
[EventDate "1998.??.??"]

1. d4 f5 2. e3 Nf6 3. Bd3 e6 4. Nf3 d5 5. Bd2 Be7 6. Bc3 O-O 7. Nbd2 Ne4 8.
Bxe4 fxe4 9. Ne5 Nd7 10. Nxd7 Bxd7 11. Qe2 c6 12. a3 a5 13. O-O Rf6 14. f3 exf3
15. Nxf3 Rh6 16. Ne5 Be8 17. Qg4 Bh5 18. Qg3 Bg6 19. Bd2 Bh4 20. Qf4 Qe7 21.
Ng4 Rh5 22. Ne5 Be8 23. Nf3 Bf6 24. Rf2 Rf5 25. Qg3 Bh5 26. Raf1 Bxf3 27. Rxf3
Rxf3 28. Rxf3 b5 29. b4 a4 30. Qg4 Rf8 31. Be1 e5 32. c3 exd4 33. cxd4 Bg5 34.
Rxf8+ Kxf8 35. Qf3+ Qf6 36. Qxf6+ Bxf6 37. Bg3 Kf7 38. Kf2 Ke6 39. Kf3 Kf5 40.
Bd6 g6 41. g4+ Ke6 42. Bc5 Bh4 43. Ke2 h5 44. gxh5 gxh5 45. Bf8 Bg5 46. h3 Kf5
47. Kf3 Bh4 48. Ke2 Ke4 49. Bh6 Be7 50. Bf4 Bxb4 51. Kd1 Bxa3 52. Kc2 Kf3 53.
h4 Be7 54. Bg5 Bd6 55. Kb2 Ke2 56. Bf4 Bb4 57. Bg5 Bd2 58. e4 dxe4 59. Kc2 e3
60. Bh6 Kf2 61. Bg5 e2 0-1

[Event "10. Lovsprings EMT Basis 2 1998"]
[Site "Ringsted"]
[Date "1998.05.29"]
[Round "7"]
[White "Jensen, Jorgen"]
[Black "Jensen, Dan Bronnum"]
[Result "0-1"]
[WhiteElo "1349"]
[BlackElo "1439"]
[PlyCount "80"]
[EventDate "1998.??.??"]

1. e4 e5 2. Nf3 Nc6 3. Bc4 Nf6 4. Nc3 Bb4 5. Nd5 Nxe4 6. Nxb4 Nxb4 7. Nxe5 d5
8. Bb3 Qe7 9. d4 Nf6 10. O-O O-O 11. Bd2 Nc6 12. Re1 Qd8 13. Nxc6 bxc6 14. h3
a5 15. a3 Ne4 16. Be3 Qd6 17. Qd3 Qg6 18. Kh2 Bf5 19. Qe2 Nd6 20. Ba4 Nc4 21.
c3 Bd3 22. Qd1 Nxb2 23. Qd2 Nxa4 24. Bf4 Bb5 25. Re3 Rfe8 26. Rae1 Rxe3 27.
Rxe3 Nb6 28. Rg3 Qe6 29. Be5 g6 30. Qh6 f6 31. Bxc7 Nd7 32. Re3 Qf7 33. Bd6 Re8
34. Rf3 f5 35. g4 Qg7 36. Qg5 Be2 37. Rg3 fxg4 38. Rxg4 Bxg4 39. hxg4 Qf6 40.
Qh6 Qxf2+ 0-1

[Event "10. Lovsprings EMT Basis 2 1998"]
[Site "Ringsted"]
[Date "1998.05.29"]
[Round "7"]
[White "Krag Jacobsen, Alan"]
[Black "Jensen, Soren3"]
[Result "0-1"]
[WhiteElo "1379"]
[BlackElo "1306"]
[PlyCount "68"]
[EventDate "1998.??.??"]

1. e4 e5 2. Nf3 Nc6 3. Bb5 a6 4. Ba4 b5 5. Bb3 Bb7 6. c3 Bc5 7. O-O f5 8. d3
fxe4 9. dxe4 Nf6 10. Bg5 h6 11. Bh4 g5 12. Bg3 d6 13. Re1 Nh5 14. Kh1 Nf4 15.
Bxf4 gxf4 16. Qd5 Qe7 17. Qd3 Bxf2 18. Re2 Bb6 19. Bd5 Na5 20. b4 Bxd5 21. bxa5
Bc4 22. Qd2 Bxe2 23. axb6 Bxf3 24. gxf3 cxb6 25. Qd5 Rc8 26. Nd2 Rh7 27. Qg8+
Kd7 28. Qd5 Rc6 29. Rb1 Qe6 30. Qd3 Qxa2 31. Rg1 b4 32. c4 Qb2 33. Qd5 Qd4 34.
Qg8 Re7 0-1

[Event "10. Lovsprings EMT Basis 2 1998"]
[Site "Ringsted"]
[Date "1998.05.29"]
[Round "7"]
[White "Mortensen, Orla Lind"]
[Black "Kroyer, Stefan M"]
[Result "1/2-1/2"]
[WhiteElo "1384"]
[BlackElo "1601"]
[PlyCount "72"]
[EventDate "1998.??.??"]

1. e4 c6 2. d4 d5 3. Nc3 dxe4 4. Nxe4 Bf5 5. Ng3 Bg6 6. Nf3 Nd7 7. h4 h6 8. Bf4
Ngf6 9. c4 e6 10. Qb3 Qb6 11. Qxb6 Nxb6 12. O-O-O Ng4 13. Be3 Nd7 14. Bd3 Bxd3
15. Rxd3 O-O-O 16. Rhd1 Nb6 17. b3 Be7 18. h5 f6 19. Nh4 f5 20. Ng6 Rhe8 21.
R1d2 Nxe3 22. Nxe7+ Rxe7 23. fxe3 Rf8 24. Ne2 e5 25. Rc3 exd4 26. exd4 Kb8 27.
Nf4 Re4 28. g3 Rd8 29. Rcd3 Nd7 30. Rf3 Nf6 31. Rfd3 Rc8 32. Kd1 Rce8 33. Kc2
Rd8 34. Kc3 Re1 35. Kc2 Rh1 36. Rd1 Rh2+ 1/2-1/2

[Event "10. Lovsprings EMT Basis 2 1998"]
[Site "Ringsted"]
[Date "1998.05.29"]
[Round "7"]
[White "Munksgaard, Bo"]
[Black "Elholm, Tommy"]
[Result "1-0"]
[WhiteElo "1500"]
[BlackElo "1585"]
[PlyCount "121"]
[EventDate "1998.??.??"]

1. d4 Nf6 2. Bf4 d6 3. Nd2 Nbd7 4. Ngf3 c5 5. e3 g6 6. h3 Bg7 7. c3 O-O 8. Be2
a6 9. a4 b6 10. O-O Bb7 11. Qc2 Re8 12. Rfd1 Nh5 13. Bh2 d5 14. Ne5 Nhf6 15. f4
cxd4 16. exd4 e6 17. Bf3 Rc8 18. Qd3 Nxe5 19. fxe5 Nd7 20. Re1 Nf8 21. Bd1 Qd7
22. Nf3 Rc7 23. Bf4 Qc8 24. Qd2 Rce7 25. Bg5 Rc7 26. Nh2 h5 27. g4 hxg4 28.
Nxg4 Nh7 29. Nf6+ Kh8 30. Nxh7 Kxh7 31. Qf4 Rh8 32. Bf6 Qf8 33. Rf1 Kg8 34. Qg3
Rh7 35. Bc2 Bc6 36. Rf4 Rd7 37. Raf1 Bxf6 38. exf6 Qh6 39. R4f3 Qf8 40. Kf2 Qd6
41. Qxd6 Rxd6 42. Kg3 Kf8 43. Rf4 Ke8 44. Rh4 Rxh4 45. Kxh4 Rd8 46. Kg5 Kd7 47.
Rf4 Rh8 48. Rh4 Rxh4 49. Kxh4 Kd6 50. Kg5 b5 51. axb5 Bxb5 52. Bxg6 e5 53.
dxe5+ Ke6 54. Bf5+ Kxe5 55. h4 Be2 56. Bd7 d4 57. cxd4+ Kxd4 58. Be8 Bc4 59. h5
Ke5 60. h6 Bd3 61. Bxf7 1-0

[Event "10. Lovsprings EMT Basis 2 1998"]
[Site "Ringsted"]
[Date "1998.05.29"]
[Round "7"]
[White "Nikolajsen, Martin"]
[Black "Nilsson, Jonas Gosta"]
[Result "1-0"]
[WhiteElo "1315"]
[BlackElo "1471"]
[PlyCount "127"]
[EventDate "1998.??.??"]

1. d4 Nf6 2. Nf3 e6 3. Bg5 Be7 4. Nc3 d5 5. e3 Bd7 6. Ne5 Nc6 7. Bd3 h6 8. Bxf6
Bxf6 9. Ng4 Be7 10. h3 a6 11. a3 Bd6 12. O-O f5 13. Nh2 Qf6 14. f4 O-O-O 15. b4
Na7 16. a4 Bxb4 17. Ne2 Rhg8 18. c3 Ba5 19. Qb3 g5 20. Rab1 b5 21. axb5 Bxb5
22. Bxb5 axb5 23. Qa3 Bb6 24. Nf3 g4 25. Ne5 c6 26. hxg4 fxg4 27. g3 h5 28. Kg2
h4 29. gxh4 Qxh4 30. Rh1 Qf6 31. Qa6+ Kc7 32. Rh7+ Rg7 33. Nxg4 Qg6 34. Rxg7+
Qxg7 35. Kf3 Qh7 36. Rg1 Rg8 37. Qa1 Qf5 38. Qc1 Nc8 39. Qb1 Qxb1 40. Rxb1 Nd6
41. Rh1 Ne4 42. Rh7+ Kd6 43. Ne5 Nf6 44. Rf7 Bd8 45. Ng3 Rh8 46. Ra7 Rh7 47.
Nf7+ Rxf7 48. Rxf7 Nd7 49. Nh5 Ba5 50. Ng7 c5 51. Ne8+ Kc6 52. Re7 Nf8 53. dxc5
Kxc5 54. Kg4 Bxc3 55. Rf7 Ng6 56. Kg5 Nh8 57. Rh7 b4 58. Nf6 b3 59. Rxh8 b2 60.
Rb8 Bb4 61. Nd7+ Kc4 62. Ne5+ Kc3 63. Rxb4 Kxb4 64. Nd3+ 1-0